Subject To Change (Record no. 319419)
[ view plain ]
| 000 -LEADER | |
|---|---|
| fixed length control field | 00418nam a2200145Ia 4500 |
| 008 - FIXED-LENGTH DATA ELEMENTS--GENERAL INFORMATION | |
| fixed length control field | 230718s9999 xx 000 0 und d |
| 041 ## - LANGUAGE CODE | |
| Language code of text/sound track or separate title | eng |
| 082 ## - DEWEY DECIMAL CLASSIFICATION NUMBER | |
| Classification number | 658.5752 |
| Item number | MER |
| 100 ## - MAIN ENTRY--PERSONAL NAME | |
| Personal name | Merholz P. |
| 245 ## - TITLE STATEMENT | |
| Title | Subject To Change |
| Remainder of title | Creating Great Products And Services For An Uncertain World |
| 260 ## - PUBLICATION, DISTRIBUTION, ETC. (IMPRINT) | |
| Name of publisher, distributor, etc. | Oreilly |
| 365 ## - TRADE PRICE | |
| Currency code | Rs. |
| Price amount | 300.00 |
| 700 ## - ADDED ENTRY--PERSONAL NAME | |
| Personal name | Merholz P. & Schauer B. |
| 906 ## - LOCAL DATA ELEMENT F, LDF (RLIN) | |
| d | B:520323-Jul-2008 |
| c | INST |
| b | 60 |
| Withdrawn status | Lost status | Damaged status | Not for loan | Home library | Current library | Date acquired | Vendor | Budget Code | Cost, normal purchase price | Bill number | Total Checkouts | Full call number | Barcode | Date last seen | Discount | Cost, replacement price | Bill Date | Koha item type | Original Barcode |
|---|---|---|---|---|---|---|---|---|---|---|---|---|---|---|---|---|---|---|---|
| Cummins College of Engineering for Women Pune | Cummins College of Engineering for Women Pune | 10/10/2008 | Tbs | INST | 240.00 | 5203 | 658.5752 | CCEP-BK-30626 | 18/07/2023 | 60 | 300.00 | 23/07/2008 | Books | 030626 |